[Event "M.I. Dvoretsky Memorial 2022"]
[Site "Moscow, Russia"]
[Date "2022.12.10"]
[Round "1.2"]
[White "Riazantsev, Alexander"]
[Black "Murzin, Volodar"]
[Result "1/2-1/2"]
[TimeControl "45'+15\""]
[WhiteTitle "GM"]
[BlackTitle "GM"]
[WhiteFideId "4125029"]
[BlackFideId "44155573"]
[WhiteElo "2626"]
[BlackElo "2561"]

1. e4 {[%clk 00:45:20]} {[%emt 00:00:10]} c5 {[%clk 00:45:17]} {[%emt
00:00:13]} 2. Nf3 {[%clk 00:45:26]} {[%emt 00:00:09]} d6 {[%clk 00:45:24]}
{[%emt 00:00:09]} 3. Bb5+ {[%clk 00:45:20]} {[%emt 00:00:21]} Nd7 {[%clk
00:45:28]} {[%emt 00:00:11]} 4. d4 {[%clk 00:42:13]} {[%emt 00:03:22]} cxd4
{[%clk 00:43:10]} {[%emt 00:02:32]} 5. Nxd4 {[%clk 00:42:22]} {[%emt 00:00:07]}
Ngf6 {[%clk 00:42:30]} {[%emt 00:00:55]} 6. O-O {[%clk 00:42:10]} {[%emt
00:00:27]} a6 {[%clk 00:42:04]} {[%emt 00:00:41]} 7. Ba4 {[%clk 00:39:24]}
{[%emt 00:03:01]} g6 {[%clk 00:28:18]} {[%emt 00:14:02]} 8. c4 {[%clk
00:30:05]} {[%emt 00:09:34]} Bg7 {[%clk 00:16:51]} {[%emt 00:11:41]} 9. Nc3
{[%clk 00:29:42]} {[%emt 00:00:39]} O-O {[%clk 00:16:59]} {[%emt 00:00:06]} 10.
h3 {[%clk 00:26:33]} {[%emt 00:03:23]} Ne5 {[%clk 00:14:33]} {[%emt 00:02:41]}
11. Bb3 {[%clk 00:25:53]} {[%emt 00:00:56]} Nfd7 {[%clk 00:13:51]} {[%emt
00:00:56]} 12. Be3 {[%clk 00:22:10]} {[%emt 00:03:59]} Nc5 {[%clk 00:12:48]}
{[%emt 00:01:18]} 13. Qe2 {[%clk 00:21:24]} {[%emt 00:01:01]} Bd7 {[%clk
00:11:16]} {[%emt 00:01:47]} 14. Rad1 {[%clk 00:14:02]} {[%emt 00:07:37]} Rc8
{[%clk 00:10:54]} {[%emt 00:00:36]} 15. f4 {[%clk 00:11:37]} {[%emt 00:02:41]}
Nxb3 {[%clk 00:10:46]} {[%emt 00:00:24]} 16. axb3 {[%clk 00:11:32]} {[%emt
00:00:21]} Nc6 {[%clk 00:10:55]} {[%emt 00:00:05]} 17. Nxc6 {[%clk 00:09:28]}
{[%emt 00:02:20]} bxc6 {[%clk 00:05:19]} {[%emt 00:05:52]} 18. c5 {[%clk
00:09:07]} {[%emt 00:00:36]} Be6 {[%clk 00:05:27]} {[%emt 00:00:06]} 19. cxd6
{[%clk 00:04:02]} {[%emt 00:05:20]} Bxb3 {[%clk 00:05:38]} {[%emt 00:00:04]} 20.
d7 {[%clk 00:04:08]} {[%emt 00:00:09]} Rb8 {[%clk 00:04:13]} {[%emt 00:01:40]}
21. Rd2 {[%clk 00:03:39]} {[%emt 00:00:44]} Rb7 {[%clk 00:04:17]} {[%emt
00:00:11]} 22. Qd3 {[%clk 00:02:13]} {[%emt 00:01:41]} Be6 {[%clk 00:04:24]}
{[%emt 00:00:07]} 23. Qxa6 {[%clk 00:01:39]} {[%emt 00:00:49]} Rxd7 {[%clk
00:04:38]} 24. Rfd1 {[%clk 00:01:10]} {[%emt 00:00:45]} Rxd2 {[%clk 00:04:37]}
{[%emt 00:00:16]} 25. Rxd2 {[%clk 00:01:25]} Qa8 {[%clk 00:04:19]} {[%emt
00:00:33]} 26. Qxa8 {[%clk 00:01:22]} {[%emt 00:00:18]} Rxa8 {[%clk 00:04:32]}
{[%emt 00:00:02]} 27. e5 {[%clk 00:01:32]} {[%emt 00:00:04]} f6 {[%clk
00:04:10]} {[%emt 00:00:37]} 28. exf6 {[%clk 00:01:39]} {[%emt 00:00:09]} Bxf6
{[%clk 00:04:16]} {[%emt 00:00:08]} 29. Ne4 {[%clk 00:01:45]} {[%emt 00:00:09]}
1/2-1/2

[Event "M.I. Dvoretsky Memorial 2022"]
[Site "Moscow, Russia"]
[Date "2022.12.10"]
[Round "1.4"]
[White "Nesterov, Arseniy"]
[Black "Zvjaginsev, Vadim"]
[Result "1-0"]
[TimeControl "45'+15\""]
[WhiteTitle "GM"]
[BlackTitle "GM"]
[WhiteFideId "24198455"]
[BlackFideId "4113403"]
[WhiteElo "2573"]
[BlackElo "2598"]

1. d4 {[%clk 00:45:28]} {[%emt 00:00:01]} Nf6 {[%clk 00:45:09]} {[%emt
00:00:21]} 2. c4 {[%clk 00:45:39]} {[%emt 00:00:04]} e6 {[%clk 00:45:08]}
{[%emt 00:00:15]} 3. Nf3 {[%clk 00:45:42]} {[%emt 00:00:13]} a6 {[%clk
00:44:02]} {[%emt 00:01:21]} 4. Nc3 {[%clk 00:45:51]} {[%emt 00:00:06]} d5
{[%clk 00:44:12]} {[%emt 00:00:05]} 5. cxd5 {[%clk 00:45:57]} {[%emt 00:00:10]}
exd5 {[%clk 00:44:22]} {[%emt 00:00:05]} 6. Bg5 {[%clk 00:46:06]} {[%emt
00:00:05]} Be7 {[%clk 00:44:28]} {[%emt 00:00:09]} 7. e3 {[%clk 00:46:11]}
{[%emt 00:00:10]} h6 {[%clk 00:44:04]} {[%emt 00:00:38]} 8. Bh4 {[%clk
00:45:34]} {[%emt 00:00:52]} Be6 {[%clk 00:42:43]} {[%emt 00:01:37]} 9. Bd3
{[%clk 00:43:23]} {[%emt 00:02:26]} Nbd7 {[%clk 00:42:19]} {[%emt 00:00:39]} 10.
O-O {[%clk 00:43:24]} {[%emt 00:00:14]} O-O {[%clk 00:41:03]} {[%emt 00:01:31]}
11. Rc1 {[%clk 00:43:11]} {[%emt 00:00:29]} Bd6 {[%clk 00:39:24]} {[%emt
00:01:54]} 12. Ne2 {[%clk 00:40:58]} {[%emt 00:02:28]} Bg4 {[%clk 00:33:02]}
{[%emt 00:06:37]} 13. Bg3 {[%clk 00:39:13]} {[%emt 00:02:00]} Ne4 {[%clk
00:30:42]} {[%emt 00:02:35]} 14. Bxd6 {[%clk 00:34:50]} {[%emt 00:04:39]} Nxd6
{[%clk 00:30:49]} {[%emt 00:00:07]} 15. Ng3 {[%clk 00:32:36]} {[%emt 00:02:28]}
c6 {[%clk 00:25:30]} {[%emt 00:05:35]} 16. h3 {[%clk 00:32:46]} {[%emt
00:00:05]} Bxf3 {[%clk 00:25:41]} {[%emt 00:00:04]} 17. Qxf3 {[%clk 00:32:55]}
{[%emt 00:00:06]} Nf6 {[%clk 00:25:38]} {[%emt 00:00:17]} 18. Nf5 {[%clk
00:31:00]} {[%emt 00:02:11]} Re8 {[%clk 00:24:14]} {[%emt 00:01:40]} 19. Nxd6
{[%clk 00:30:16]} {[%emt 00:00:59]} Qxd6 {[%clk 00:24:25]} {[%emt 00:00:04]} 20.
Rc5 {[%clk 00:30:02]} {[%emt 00:00:28]} a5 {[%clk 00:18:51]} {[%emt 00:05:50]}
21. Rfc1 {[%clk 00:30:03]} {[%emt 00:00:14]} Ne4 {[%clk 00:18:56]} {[%emt
00:00:10]} 22. Bxe4 {[%clk 00:28:27]} {[%emt 00:01:51]} Rxe4 {[%clk 00:19:06]}
{[%emt 00:00:04]} 23. b3 {[%clk 00:28:17]} {[%emt 00:00:26]} Qd8 {[%clk
00:13:09]} {[%emt 00:06:12]} 24. a3 {[%clk 00:26:49]} {[%emt 00:01:43]} Qb6
{[%clk 00:13:02]} {[%emt 00:00:21]} 25. Qd1 {[%clk 00:26:51]} {[%emt 00:00:13]}
Re6 {[%clk 00:11:33]} {[%emt 00:01:43]} 26. Qc2 {[%clk 00:19:47]} {[%emt
00:07:20]} Rg6 {[%clk 00:09:54]} {[%emt 00:01:54]} 27. b4 {[%clk 00:18:51]}
{[%emt 00:01:12]} axb4 {[%clk 00:07:49]} {[%emt 00:02:20]} 28. axb4 {[%clk
00:19:03]} {[%emt 00:00:02]} Re8 {[%clk 00:05:18]} {[%emt 00:02:45]} 29. b5
{[%clk 00:18:35]} {[%emt 00:00:44]} Ree6 {[%clk 00:05:30]} {[%emt 00:00:03]} 30.
bxc6 {[%clk 00:16:51]} {[%emt 00:01:59]} bxc6 {[%clk 00:05:41]} {[%emt
00:00:04]} 31. Rb1 {[%clk 00:14:48]} {[%emt 00:02:19]} Qd8 {[%clk 00:05:50]}
{[%emt 00:00:05]} 32. Qf5 {[%clk 00:12:39]} {[%emt 00:02:23]} Rgf6 {[%clk
00:03:47]} {[%emt 00:02:19]} 33. Qg4 {[%clk 00:11:56]} {[%emt 00:00:55]} Kh7
{[%clk 00:03:44]} {[%emt 00:00:21]} 34. Rc2 {[%clk 00:06:28]} {[%emt 00:05:44]}
Re4 {[%clk 00:02:05]} {[%emt 00:01:54]} 35. Qh5 {[%clk 00:04:29]} {[%emt
00:02:11]} Re7 {[%clk 00:01:25]} {[%emt 00:00:57]} 36. Rcb2 {[%clk 00:03:33]}
{[%emt 00:01:12]} Ra7 {[%clk 00:01:11]} {[%emt 00:00:29]} 37. Qd1 {[%clk
00:03:39]} {[%emt 00:00:08]} Qc7 {[%clk 00:00:49]} {[%emt 00:00:37]} 38. Qc2+
{[%clk 00:03:27]} {[%emt 00:00:27]} g6 {[%clk 00:01:00]} {[%emt 00:00:04]} 39.
Qc5 {[%clk 00:02:52]} {[%emt 00:00:46]} Qe7 {[%clk 00:01:07]} {[%emt 00:00:11]}
40. Qxe7 {[%clk 00:01:44]} {[%emt 00:01:24]} Rxe7 {[%clk 00:01:20]} {[%emt
00:00:02]} 41. Ra1 {[%clk 00:01:57]} {[%emt 00:00:01]} h5 {[%clk 00:00:55]}
{[%emt 00:00:40]} 42. Ra8 {[%clk 00:01:50]} {[%emt 00:00:22]} Rc7 {[%clk
00:00:44]} {[%emt 00:00:26]} 43. Rbb8 {[%clk 00:01:45]} {[%emt 00:00:20]} Rd6
{[%clk 00:00:43]} {[%emt 00:00:16]} 44. g4 {[%clk 00:01:59]} {[%emt 00:00:01]}
hxg4 {[%clk 00:00:30]} {[%emt 00:00:27]} 45. hxg4 {[%clk 00:02:13]} {[%emt
00:00:01]} Kg7 {[%clk 00:00:22]} {[%emt 00:00:23]} 46. g5 {[%clk 00:00:59]}
{[%emt 00:01:29]} f6 {[%clk 00:00:36]} {[%emt 00:00:01]} 47. Rg8+ {[%clk
00:01:03]} {[%emt 00:00:09]} Kf7 {[%clk 00:00:39]} {[%emt 00:00:13]} 48. Raf8+
{[%clk 00:01:08]} {[%emt 00:00:10]} Ke7 {[%clk 00:00:52]} {[%emt 00:00:01]} 49.
gxf6+ {[%clk 00:00:59]} {[%emt 00:00:24]} Rxf6 {[%clk 00:01:04]} {[%emt
00:00:04]} 50. Rg7+ {[%clk 00:01:10]} {[%emt 00:00:04]} Kxf8 {[%clk 00:01:16]}
{[%emt 00:00:02]} 51. Rxc7 {[%clk 00:01:23]} {[%emt 00:00:02]} Ke8 {[%clk
00:00:27]} {[%emt 00:01:04]} 52. Kg2 {[%clk 00:01:32]} {[%emt 00:00:07]} Kd8
{[%clk 00:00:37]} {[%emt 00:00:04]} 53. Rg7 {[%clk 00:01:45]} {[%emt 00:00:02]}
c5 {[%clk 00:00:49]} {[%emt 00:00:04]} 54. dxc5 {[%clk 00:01:56]} {[%emt
00:00:04]} Rc6 {[%clk 00:01:03]} 55. Kg3 {[%clk 00:00:55]} {[%emt 00:01:17]}
Rxc5 {[%clk 00:01:16]} {[%emt 00:00:02]} 56. Rxg6 {[%clk 00:00:56]} {[%emt
00:00:13]} Ke7 {[%clk 00:01:19]} {[%emt 00:00:12]} 57. Kf4 {[%clk 00:00:38]}
{[%emt 00:00:32]} Rc2 {[%clk 00:01:29]} {[%emt 00:00:06]} 58. f3 {[%clk
00:00:45]} {[%emt 00:00:08]} Rc3 {[%clk 00:01:25]} {[%emt 00:00:19]} 59. Ra6
{[%clk 00:00:22]} {[%emt 00:00:39]} Rb3 {[%clk 00:01:34]} {[%emt 00:00:05]} 60.
Rh6 {[%clk 00:00:30]} {[%emt 00:00:07]} Ra3 {[%clk 00:01:46]} {[%emt 00:00:03]}
61. Rh5 {[%clk 00:00:30]} {[%emt 00:00:15]} Kd6 {[%clk 00:01:45]} {[%emt
00:00:15]} 62. Rg5 {[%clk 00:00:22]} {[%emt 00:00:24]} Ra4+ {[%clk 00:01:15]}
{[%emt 00:00:46]} 63. Kf5 {[%clk 00:00:31]} {[%emt 00:00:06]} Ra3 {[%clk
00:01:28]} {[%emt 00:00:01]} 64. Rg6+ {[%clk 00:00:44]} {[%emt 00:00:02]} Kd7
{[%clk 00:01:42]} {[%emt 00:00:01]} 65. Kf4 {[%clk 00:00:38]} {[%emt 00:00:21]}
Ke7 {[%clk 00:01:43]} {[%emt 00:00:14]} 66. Rg1 {[%clk 00:00:23]} {[%emt
00:00:29]} Ke6 {[%clk 00:00:53]} {[%emt 00:01:06]} 67. Re1 {[%clk 00:00:36]}
{[%emt 00:00:02]} Kf6 {[%clk 00:00:25]} {[%emt 00:00:43]} 68. Re2 {[%clk
00:00:19]} {[%emt 00:00:32]} Ra4+ {[%clk 00:00:25]} {[%emt 00:00:15]} 69. Kg3
{[%clk 00:00:33]} {[%emt 00:00:02]} Ke5 {[%clk 00:00:37]} {[%emt 00:00:03]} 70.
Kf2 {[%clk 00:00:30]} {[%emt 00:00:17]} Ra1 {[%clk 00:00:30]} {[%emt 00:00:21]}
71. Rb2 {[%clk 00:00:37]} {[%emt 00:00:08]} Ra3 {[%clk 00:00:34]} {[%emt
00:00:12]} 72. Rb8 {[%clk 00:00:21]} {[%emt 00:00:30]} Ra2+ {[%clk 00:00:28]}
{[%emt 00:00:21]} 73. Kg3 {[%clk 00:00:35]} {[%emt 00:00:01]} Re2 {[%clk
00:00:38]} {[%emt 00:00:05]} 74. f4+ {[%clk 00:00:19]} {[%emt 00:00:31]} Ke4
{[%clk 00:00:23]} {[%emt 00:00:30]} 75. Re8+ {[%clk 00:00:32]} {[%emt
00:00:02]} Kd3 {[%clk 00:00:36]} {[%emt 00:00:02]} 76. f5 {[%clk 00:00:32]}
{[%emt 00:00:16]} d4 {[%clk 00:00:50]} 77. e4 {[%clk 00:00:16]} {[%emt
00:00:31]} Ke3 {[%clk 00:00:29]} {[%emt 00:00:36]} 78. f6 {[%clk 00:00:28]}
{[%emt 00:00:03]} Rf2 {[%clk 00:00:31]} {[%emt 00:00:12]} 79. e5 {[%clk
00:00:41]} {[%emt 00:00:02]} d3 {[%clk 00:00:42]} {[%emt 00:00:04]} 80. Rd8
{[%clk 00:00:45]} {[%emt 00:00:12]} Rf5 {[%emt 00:00:45]} 81. Kg4 {[%emt
00:00:02]} Rxe5 82. f7 Re4+ 83. Kg3 Rd4 {[%emt 00:00:07]} 1-0

[Event "M.I. Dvoretsky Memorial 2022"]
[Site "Moscow, Russia"]
[Date "2022.12.10"]
[Round "1.1"]
[White "Dreev, Aleksey"]
[Black "Grebnev, Aleksey"]
[Result "1/2-1/2"]
[TimeControl "45'+15\""]
[WhiteTitle "GM"]
[BlackTitle "IM"]
[WhiteFideId "4100107"]
[BlackFideId "34189030"]
[WhiteElo "2606"]
[BlackElo "2486"]

1. d4 {[%clk 00:45:28]} {[%emt 00:00:01]} Nf6 {[%clk 00:45:23]} {[%emt
00:00:08]} 2. Nf3 {[%clk 00:45:11]} {[%emt 00:00:31]} d5 {[%clk 00:45:33]}
{[%emt 00:00:06]} 3. c4 {[%clk 00:45:19]} {[%emt 00:00:07]} e6 {[%clk
00:45:43]} {[%emt 00:00:05]} 4. Nc3 {[%clk 00:44:22]} {[%emt 00:01:11]} Bb4
{[%clk 00:45:51]} {[%emt 00:00:07]} 5. e3 {[%clk 00:40:17]} {[%emt 00:04:20]}
O-O {[%clk 00:45:41]} {[%emt 00:00:25]} 6. Bd2 {[%clk 00:40:25]} {[%emt
00:00:07]} b6 {[%clk 00:42:00]} {[%emt 00:03:57]} 7. Bd3 {[%clk 00:35:07]}
{[%emt 00:05:32]} dxc4 {[%clk 00:39:50]} {[%emt 00:02:25]} 8. Bxc4 {[%clk
00:35:19]} {[%emt 00:00:03]} Bb7 {[%clk 00:39:26]} {[%emt 00:00:39]} 9. O-O
{[%clk 00:35:17]} {[%emt 00:00:16]} c5 {[%clk 00:38:19]} {[%emt 00:01:23]} 10.
Rc1 {[%clk 00:30:56]} {[%emt 00:04:35]} Nbd7 {[%clk 00:35:52]} {[%emt
00:02:41]} 11. Qe2 {[%clk 00:23:40]} {[%emt 00:07:31]} cxd4 {[%clk 00:25:30]}
{[%emt 00:10:37]} 12. Nxd4 {[%clk 00:23:36]} {[%emt 00:00:19]} Ne5 {[%clk
00:25:16]} {[%emt 00:00:29]} 13. Ba6 {[%clk 00:21:43]} {[%emt 00:02:07]} Bxa6
{[%clk 00:24:26]} {[%emt 00:01:05]} 14. Qxa6 {[%clk 00:20:25]} {[%emt
00:01:32]} Bc5 {[%clk 00:23:57]} {[%emt 00:00:44]} 15. Nb3 {[%clk 00:12:04]}
{[%emt 00:08:36]} Nd3 {[%clk 00:17:49]} {[%emt 00:06:23]} 16. Rb1 {[%clk
00:12:02]} {[%emt 00:00:18]} Qd6 {[%clk 00:17:50]} {[%emt 00:00:14]} 17. Nxc5
{[%clk 00:08:12]} {[%emt 00:04:04]} Nxc5 {[%clk 00:16:31]} {[%emt 00:01:34]} 18.
Qe2 {[%clk 00:08:20]} {[%emt 00:00:07]} Rfd8 {[%clk 00:12:47]} {[%emt
00:04:00]} 19. Rfd1 {[%clk 00:08:15]} {[%emt 00:00:18]} Qd3 {[%clk 00:12:47]}
{[%emt 00:00:16]} 20. Be1 {[%clk 00:06:22]} {[%emt 00:02:08]} Qxe2 {[%clk
00:11:37]} {[%emt 00:01:25]} 21. Rxd8+ {[%clk 00:05:41]} {[%emt 00:00:55]} Rxd8
{[%clk 00:11:46]} {[%emt 00:00:06]} 22. Nxe2 {[%clk 00:05:53]} {[%emt
00:00:03]} Nd3 {[%clk 00:09:57]} {[%emt 00:02:04]} 23. Rd1 {[%clk 00:04:19]}
{[%emt 00:01:48]} Rd5 {[%clk 00:09:21]} {[%emt 00:00:52]} 24. Bc3 {[%clk
00:02:34]} {[%emt 00:02:00]} Ne4 {[%clk 00:07:12]} {[%emt 00:02:23]} 25. f3
{[%clk 00:01:09]} {[%emt 00:01:39]} Nxc3 {[%clk 00:06:18]} {[%emt 00:01:10]} 26.
Nxc3 {[%clk 00:01:11]} {[%emt 00:00:14]} Nxb2 {[%clk 00:06:07]} {[%emt
00:00:26]} 27. Rxd5 {[%clk 00:01:23]} {[%emt 00:00:02]} exd5 {[%clk 00:06:17]}
{[%emt 00:00:05]} 28. Nxd5 {[%clk 00:00:56]} {[%emt 00:00:42]} f6 {[%clk
00:02:53]} {[%emt 00:03:39]} 29. e4 {[%clk 00:00:56]} {[%emt 00:00:15]} Kf7
{[%clk 00:03:01]} {[%emt 00:00:07]} 30. Kf2 {[%clk 00:01:03]} {[%emt 00:00:07]}
Ke6 {[%clk 00:02:02]} {[%emt 00:01:14]} 31. Ke3 {[%clk 00:01:11]} {[%emt
00:00:07]} Nc4+ {[%clk 00:00:53]} {[%emt 00:01:25]} 32. Kd4 {[%clk 00:01:21]}
{[%emt 00:00:05]} Nd6 {[%clk 00:01:06]} {[%emt 00:00:02]} 33. Nf4+ {[%clk
00:01:05]} {[%emt 00:00:31]} Kd7 {[%clk 00:01:15]} {[%emt 00:00:07]} 34. h4
{[%clk 00:00:48]} {[%emt 00:00:32]} Nb5+ {[%clk 00:01:05]} {[%emt 00:00:25]} 35.
Kc4 {[%clk 00:00:54]} {[%emt 00:00:09]} Nc7 {[%clk 00:00:41]} {[%emt 00:00:39]}
36. Nd5 {[%clk 00:00:41]} {[%emt 00:00:28]} Ne6 {[%clk 00:00:43]} {[%emt
00:00:13]} 37. Kb5 {[%clk 00:00:43]} {[%emt 00:00:12]} Nd4+ {[%clk 00:00:22]}
{[%emt 00:00:37]} 38. Ka6 {[%clk 00:00:56]} {[%emt 00:00:02]} Nc6 {[%clk
00:00:36]} {[%emt 00:00:01]} 39. a3 {[%clk 00:00:45]} {[%emt 00:00:27]} Kd6
{[%clk 00:00:43]} {[%emt 00:00:08]} 40. Nb4 {[%clk 00:00:46]} {[%emt 00:00:13]}
Nd4 {[%clk 00:00:42]} {[%emt 00:00:16]} 41. Kxa7 {[%clk 00:00:50]} {[%emt
00:00:11]} Nb5+ {[%clk 00:00:56]} {[%emt 00:00:02]} 42. Kxb6 {[%clk 00:01:02]}
{[%emt 00:00:03]} Nxa3 {[%clk 00:01:09]} {[%emt 00:00:02]} 43. Nd3 {[%clk
00:01:03]} {[%emt 00:00:13]} Nc4+ {[%clk 00:01:10]} {[%emt 00:00:15]} 44. Kb5
{[%clk 00:01:01]} {[%emt 00:00:17]} Ne3 {[%clk 00:01:23]} {[%emt 00:00:02]} 45.
g4 {[%clk 00:00:28]} {[%emt 00:00:48]} Ke5 {[%clk 00:45:15]} {[%emt 00:00:28]}
1/2-1/2

[Event "M.I. Dvoretsky Memorial 2022"]
[Site "Moscow, Russia"]
[Date "2022.12.10"]
[Round "1.3"]
[White "Makarian, Rudik"]
[Black "Popov, Ivan"]
[Result "1/2-1/2"]
[TimeControl "45'+15\""]
[WhiteTitle "IM"]
[BlackTitle "GM"]
[WhiteFideId "44105681"]
[BlackFideId "4170350"]
[WhiteElo "2554"]
[BlackElo "2627"]

1. Nf3 {[%clk 00:45:26]} {[%emt 00:00:02]} d5 {[%clk 00:45:16]} {[%emt
00:00:14]} 2. g3 {[%clk 00:45:19]} {[%emt 00:00:23]} c6 {[%clk 00:45:13]}
{[%emt 00:00:18]} 3. Bg2 {[%clk 00:44:40]} {[%emt 00:00:53]} Bg4 {[%clk
00:45:20]} {[%emt 00:00:08]} 4. Ne5 {[%clk 00:44:07]} {[%emt 00:00:48]} Bf5
{[%clk 00:45:17]} {[%emt 00:00:18]} 5. c4 {[%clk 00:43:14]} {[%emt 00:01:08]}
e6 {[%clk 00:44:35]} {[%emt 00:00:57]} 6. O-O {[%clk 00:39:27]} {[%emt
00:04:02]} Nd7 {[%clk 00:43:52]} {[%emt 00:00:58]} 7. d4 {[%clk 00:35:25]}
{[%emt 00:04:17]} Ngf6 {[%clk 00:43:50]} {[%emt 00:00:16]} 8. Nc3 {[%clk
00:34:21]} {[%emt 00:01:19]} Be7 {[%clk 00:43:44]} {[%emt 00:00:20]} 9. b3
{[%clk 00:33:00]} {[%emt 00:01:37]} O-O {[%clk 00:35:35]} {[%emt 00:08:23]} 10.
Bb2 {[%clk 00:32:57]} {[%emt 00:00:18]} Qc7 {[%clk 00:31:24]} {[%emt 00:04:26]}
11. Rc1 {[%clk 00:30:52]} {[%emt 00:02:20]} Rad8 {[%clk 00:31:32]} {[%emt
00:00:08]} 12. Nd3 {[%clk 00:25:41]} {[%emt 00:05:27]} Qb8 {[%clk 00:21:56]}
{[%emt 00:09:50]} 13. e3 {[%clk 00:19:42]} {[%emt 00:06:14]} Ne4 {[%clk
00:20:52]} {[%emt 00:01:19]} 14. Qe2 {[%clk 00:18:29]} {[%emt 00:01:29]} Nxc3
{[%clk 00:20:34]} {[%emt 00:00:32]} 15. Bxc3 {[%clk 00:18:38]} {[%emt
00:00:06]} Nf6 {[%clk 00:19:45]} {[%emt 00:01:04]} 16. Bb2 {[%clk 00:18:41]}
{[%emt 00:00:12]} Be4 {[%clk 00:15:11]} {[%emt 00:04:49]} 17. f3 {[%clk
00:14:22]} {[%emt 00:04:34]} Bxd3 {[%clk 00:11:00]} {[%emt 00:04:26]} 18. Qxd3
{[%clk 00:14:31]} {[%emt 00:00:06]} c5 {[%clk 00:10:23]} {[%emt 00:00:52]} 19.
f4 {[%clk 00:12:57]} {[%emt 00:01:48]} cxd4 {[%clk 00:07:30]} {[%emt 00:03:08]}
20. Bxd4 {[%clk 00:12:40]} {[%emt 00:00:32]} b6 {[%clk 00:04:55]} {[%emt
00:02:51]} 21. Rfd1 {[%clk 00:10:55]} {[%emt 00:02:00]} dxc4 {[%clk 00:03:13]}
{[%emt 00:01:57]} 22. Qxc4 {[%clk 00:10:22]} {[%emt 00:00:47]} Nd5 {[%clk
00:01:25]} {[%emt 00:02:03]} 23. Be5 {[%clk 00:08:45]} {[%emt 00:01:53]} Qb7
{[%clk 00:00:52]} {[%emt 00:00:48]} 24. Bxd5 {[%clk 00:08:18]} {[%emt
00:00:41]} Rxd5 {[%clk 00:00:31]} {[%emt 00:00:36]} 25. Rxd5 {[%clk 00:08:25]}
{[%emt 00:00:08]} exd5 {[%clk 00:00:24]} {[%emt 00:00:23]} 26. Qc7 {[%clk
00:08:36]} {[%emt 00:00:04]} Qxc7 {[%clk 00:00:32]} {[%emt 00:00:07]} 27. Rxc7
{[%clk 00:08:48]} {[%emt 00:00:02]} Bc5 {[%clk 00:00:39]} {[%emt 00:00:08]} 28.
Bd4 {[%clk 00:08:25]} {[%emt 00:00:38]} Bxd4 {[%clk 00:00:45]} {[%emt
00:00:09]} 29. exd4 {[%clk 00:08:34]} {[%emt 00:00:06]} g6 {[%clk 00:00:28]}
{[%emt 00:00:32]} 30. Rxa7 {[%clk 00:05:00]} {[%emt 00:03:50]} Rc8 {[%clk
00:00:41]} {[%emt 00:00:01]} 31. Ra6 {[%clk 00:04:44]} {[%emt 00:00:31]} Rc6
{[%clk 00:00:19]} {[%emt 00:00:38]} 32. Kf2 {[%clk 00:04:04]} {[%emt 00:00:55]}
Kf8 {[%clk 00:00:20]} {[%emt 00:00:14]} 33. Ke3 {[%clk 00:04:11]} {[%emt
00:00:07]} Rc2 {[%clk 00:00:27]} {[%emt 00:00:08]} 34. Kd3 {[%clk 00:03:32]}
{[%emt 00:00:55]} Rxh2 {[%clk 00:00:35]} {[%emt 00:00:07]} 35. a4 {[%clk
00:03:46]} Rh3 {[%clk 00:00:31]} {[%emt 00:00:19]} 36. Rxb6 {[%clk 00:03:55]}
{[%emt 00:00:06]} h5 {[%clk 00:00:38]} {[%emt 00:00:08]} 37. a5 {[%clk
00:03:26]} {[%emt 00:00:44]} Rxg3+ {[%clk 00:00:48]} {[%emt 00:00:05]} 38. Ke2
{[%clk 00:02:41]} {[%emt 00:01:00]} Rg2+ {[%clk 00:01:01]} {[%emt 00:00:02]} 39.
Kf3 {[%clk 00:02:54]} {[%emt 00:00:02]} Ra2 {[%clk 00:01:15]} {[%emt 00:00:01]}
40. Rb5 {[%clk 00:02:29]} {[%emt 00:00:41]} Ra3 {[%clk 00:01:14]} {[%emt
00:00:16]} 41. f5 {[%clk 00:01:11]} {[%emt 00:01:32]} Kg7 {[%clk 00:00:38]}
{[%emt 00:00:51]} 42. Kf4 {[%clk 00:01:20]} {[%emt 00:00:07]} Kh6 {[%clk
00:00:29]} {[%emt 00:00:24]} 43. f6 {[%clk 00:00:49]} {[%emt 00:00:45]} g5+
{[%clk 00:00:26]} {[%emt 00:00:18]} 44. Kf5 {[%clk 00:01:04]} Ra1 {[%clk
00:00:34]} {[%emt 00:00:07]} 45. Rb8 {[%clk 00:01:11]} {[%emt 00:00:07]} Rf1+
{[%clk 00:00:45]} {[%emt 00:00:04]} 46. Ke5 {[%clk 00:01:25]} {[%emt 00:00:01]}
h4 {[%clk 00:00:39]} {[%emt 00:00:21]} 47. Rh8+ {[%clk 00:00:21]} {[%emt
00:01:20]} Kg6 {[%clk 00:00:52]} {[%emt 00:00:01]} 48. Rg8+ {[%clk 00:00:32]}
{[%emt 00:00:04]} Kh5 {[%clk 00:00:36]} {[%emt 00:00:31]} 49. Rg7 {[%clk
00:00:21]} {[%emt 00:00:26]} h3 {[%clk 00:00:32]} {[%emt 00:00:19]} 50. Rxf7
{[%clk 00:00:19]} {[%emt 00:00:18]} Re1+ {[%clk 00:00:34]} {[%emt 00:00:12]} 51.
Kf5 {[%clk 00:00:26]} {[%emt 00:00:09]} Rf1+ {[%clk 00:00:48]} {[%emt
00:00:01]} 52. Ke6 {[%clk 00:00:23]} {[%emt 00:00:18]} Re1+ {[%clk 00:01:02]}
{[%emt 00:00:01]} 53. Kf5 {[%clk 00:00:23]} {[%emt 00:00:16]} Rf1+ {[%clk
00:01:15]} {[%emt 00:00:01]} 54. Ke5 {[%clk 00:00:37]} {[%emt 00:00:01]} Re1+
{[%clk 00:01:29]} 55. Kf5 {[%emt 00:00:45]} 1/2-1/2

[ePGN "0.1;DGT LiveChess/2.2.5"]